Biscuits/Cookies by Images - Statistics

General Stats
  • This quiz has been taken 18 times
  • The average score is 2 of 16
Answer Stats
Picture Answer % Correct
Macaron
80%
Biscotti
53%
Macaroon
53%
Snickerdoodle
20%
Alfajores
7%
ANZAC biscuit
7%
Linzer cookie
7%
Cavallucci
0%
Jodenkoek
0%
Kleicha
0%
Koulourakia
0%
Ma'amoul
0%
Nankhatai
0%
Panellets
0%
Rosette
0%
Wibele
0%
No matching quizzes found
Score Distribution
Percent of People with Each Score
Percentile by Number Answered
Your Score History
You have not taken this quiz